Just Dance 2026 song list - Statistiques

Statistiques générales
  • Ce quiz a été pris 18 fois
  • Le résultat moyen est 14 sur 40
Statistiques - réponses
Hint Réponse % Correct
Lady Gaga Abracadabra
80%
ROSÉ & Bruno Mars APT.
80%
Ed Sheeran Azizam
67%
Lola Young Messy
60%
Doechii Anxiety
53%
Patrick Hernandez Born To Be Alive
53%
Dua Lipa Houdini
53%
Coldplay Viva la vida
53%
BABYMONSTER DRIP
47%
Sabrina Carpenter Feather
47%
Cyndi Lauper Girls Just Want To Have Fun
47%
Chappell Roan Good Luck, Babe!
47%
Macklemore & Ryan Lewis with Wanz Thrift Shop
47%
Melanie Martinez Cry Baby
40%
Madonna Hung Up
40%
Tate McRae It's Ok I'm Ok
40%
Aileen-O Moonlight
40%
Lady Gaga Zombieboy
40%
Smash Mouth All star
33%
OneRepublic Counting Stars
33%
Ricky Stone Prehistorock
33%
Wanko Ni Mero Mero Sokusu
33%
Sigrid Strangers
33%
MariaDennis Chichika
27%
Post Malone feat. Morgan Wallen I Had Some Help
27%
Dixson Waz, La Tukiti, and Amenazandel Kitipo
27%
Austin & Collins Big Bad Frog
20%
Su Real and DISTORT Don Raja
20%
Humphrey Dennis feat. Zanillya Good Girls
20%
The Sunlight Shakers [Los Lobos] La Bamba
20%
Dua Lipa Love again
20%
Paul Russell Say Cheese
20%
Boomborg Show me what you got
20%
Kevin J Simon Spin Your Love
20%
Bluey Bluey Medley
13%
Lulu & Levon [Elton John & Kiki Dee] Don't Go Breaking My Heart
13%
Don Elektron and Derek Louder
13%
M, Robin Scott Pop Muzik
13%
Mrs. Claus and the Elves [Brenda Lee] Rockin' Around the Christmas Tree
13%
Stush and WOST We Just Begun
13%
Aucun quiz correspondant
Distribution des résultats
% des personnes avec chaque résultat
Percentile par nombre de réponses
Votre historique - résultats
Vous n’avez pas pris ce quiz